Лавлагаа ба мэдээллийн үйлчилгээ (Бичлэгийн дугаар. 861521)

MARC дэлгэрэнгүй
000 -Удирдлага
Ном зүйн бүртгэл тоо буюу кодлох утгыг агуулсан 00721nam a22002177a 4500
008 - ЕРӨНХИЙ МЭДЭЭЛЭЛ-ЭЛЕМЕНТҮҮДИЙН ӨГӨГДЛИЙН УРТ
fixed length control field 240609b mp ||||| |||| 00| 0 mon d
035 ## - СИСТЕМИЙН ХЯНАЛТЫН ДУГААР
Системийн хяналтын дугаар 1257
040 ## - ЭХ СУРВАЛЖИЙГ ТОДОРХОЙЛОН БИЧИХ
Анхны каталогийн байгууллага HUV0167120
Каталогийн хэл Монгол
Бичлэг хийж нэвтрүүлэх байгууллага MN-UlNLM
Өөрчлүүлэх байгууллага MN-UlNLM
Бичиглэлийн тодорхойлолт rda
041 ## - ХЭЛНИЙ КОД
Текстийн хэлний код/фонограм буюу салангид гарчиг Монгол
042 ## - AUTHENTICATION CODE
Authentication code 1694
084 ## - БУСАД АНГИЛЛЫН ДУГААР
Ангиллын нэр Номын сан номзүйн ангилал
Анги 78
Зохиогчийн 3-н тэмдэгт Б.573
100 ## - ЗОХИОГЧИЙН ХЭСЭГ
Зохиогчийн нэр Бопп Р.Е., Смит Л.С.
245 #0 - ҮНДСЭН ГАРЧИГ
Гарчиг Лавлагаа ба мэдээллийн үйлчилгээ
264 ## - ГАРАЛТЫН МЭДЭЭ
Хэвлэгдсэн газар Колорадо
Бүтээгч, хэвлэгч, түгээгч, үйлдвэрлэгчийн нэр Libraries unlimited
Хэвлэгдсэн он 2001
300 ## - ТООНЫ МЭДЭЭ
Хуудасны тоо 753х.
336 ## - АГУУЛГЫН ТӨРӨЛ
Нөөц rdacontent
Агуулгын төрлийн нөхцөл text
Агуулгын төрлийн код txt
337 ## - MEDIA TYPE
Эх сурвалж rdamedia
Файлын төрөл unmediated
Файлын код n
338 ## - CARRIER TYPE
Source rdacarrier
Carrier type term volume
Carrier type code nc
650 ## - Сэдэв
Сэдэв номын сан ба мэдээллийн шинжлэх ухааны цувралууд
942 ## - ЭЛЕМЕНТИЙН ТӨРӨЛ
Анги Номын сан номзүйн ангилал
Төрөл Ном
Захиалгууд
Буцаан татагдсан төлөв Хасагдсан шалтгаан Гэмтсэн төлөв Данс заагч Захиалах боломжгүй Үндсэн номын сан Одоогийн байршил Салбар танхим Салбар танхим Бүртгэсэн огноо Тавиурын заалт Баркод Үнэ Хамгийн сүүлд байсан огноо Нийт уншлаганд гарсан тоо Дансны дугаар Төрөл
          Хөвсгөл аймаг Хөвсгөл аймаг Хөвсгөл | Үндсэн фонд Хөвсгөл | Үндсэн фонд 2024-06-09 78 Б.573 HUV011257-1 80.00 2024-06-09   42621 Ном
          Хөвсгөл аймаг Хөвсгөл аймаг Хөвсгөл | Нийтийн уншлагын танхим Хөвсгөл | Нийтийн уншлагын танхим 2024-06-09 78 Б.573 HUV011257-1-1 80.00 2024-06-09   42622 Ном
          Хөвсгөл аймаг Хөвсгөл аймаг Хөвсгөл | Хүүхдийн уншлагын танхим Хөвсгөл | Хүүхдийн уншлагын танхим 2024-06-09 78 Б.573 HUV011257-2-1 20000.00 2024-06-09   58184 Ном
          Хөвсгөл аймаг Хөвсгөл аймаг Хөвсгөл | Гэрээр ном олгох Хөвсгөл | Гэрээр ном олгох 2024-06-09 78 Б.573 HUV011257-3-1 2000.00 2024-06-09   42623 Ном
          Хөвсгөл аймаг Хөвсгөл аймаг Хөвсгөл | Үндсэн фонд Хөвсгөл | Үндсэн фонд 2024-06-09 78 Б.573 HUV011257-4-2 2000.00 2024-06-09   42623 Ном